| 000 | 01468nam a22003617a 4500 | ||
|---|---|---|---|
| 003 | CHAP | ||
| 005 | 20220329143323.0 | ||
| 008 | 080616d2007 mx ad r 00110 spa d | ||
| 010 | _a94922 | ||
| 011 | _a95894 | ||
| 020 | _a9789680203727 | ||
| 035 | _a106528 | ||
| 040 | _cCHAP | ||
| 082 | 0 | 4 |
_a001.6424 _bC41 2007 |
| 100 | 0 | 0 |
_aCastillo Márquez, Luis Emilio. _920176 |
| 245 | 1 | 0 |
_aIntroducción al SAS para Windows _c/por Luis Emilio Castillo Márquez |
| 250 | _a3 ed. | ||
| 260 |
_aChapingo, Méx. : _bUACH. Departamento de Parasitología Agrícola, _c2007 |
||
| 300 |
_a295 p. : _bilus. ; gráfs. ; cuadros |
||
| 590 |
_aBATCH-UPD _b10 _c20130110 _lUCH01 _h1936 |
||
| 590 |
_aBATCH-UPD _b10 _c20130410 _lUCH01 _h1300 |
||
| 590 |
_aBATCH-UPD _b10 _c20130914 _lUCH01 _h0857 |
||
| 590 |
_aCONVERSION _b10 _c20130109 _lUCH01 _h1352 |
||
| 650 | 1 | 4 |
_aLenguajes de programación. _965989 |
| 650 | 1 | 4 |
_aSAS (Programación) _9102675 |
| 901 | _aBK | ||
| 942 | _cLIBRO | ||
| 949 |
_a001.6424 C41 2007 _bBC _cLIBRO _d33724002055611 _eLIBRO _fc.2 _gDonaciØn _h109652 _i106528 _si |
||
| 949 |
_a001.6424 C41 2007 _bBC _cLIBRO _d33724002216082 _eLIBRO _fc.3 _gDonaciØn _h113378 _i106528 _si |
||
| 949 |
_a001.6424 C41 2007 _bBC _cLIBRO _d33724002216124 _eLIBRO _fc.4 _gDonaciØn _h113379 _i106528 _si |
||
| 949 |
_a001.6424 C41 2007 _bBC _cLIBRO _d33724002216165 _eLIBRO _fc.5 _gDonaciØn _h113380 _i106528 _si |
||
| 949 |
_a001.6424 C41 2007 _bBC _cUACH _d33724002055603 _eUACH _gDonaciØn _h109651 _i106528 _sb |
||
| 999 |
_c94922 _d94922 |
||